| 000 | 01041cam a2200277 a 4500 | ||
|---|---|---|---|
| 999 |
_c528215 _d528215 |
||
| 001 | 4908594 | ||
| 003 | NUST | ||
| 005 | 20190902113213.0 | ||
| 008 | 941130s1995 flua bf 001 0 eng | ||
| 010 | _a 94045572 | ||
| 020 | _a0849389534 (acidfree paper) | ||
| 038 | _aM.Ramzan | ||
| 040 |
_aDLC _cDLC _dDLC |
||
| 050 | 0 | 0 |
_aTA151 _b.C57 1995 |
| 082 | 0 | 0 |
_a624 _220 _bCHE |
| 245 | 0 | 4 |
_aThe civil engineering handbook / _ceditor-in-chief, W.F. Chen. |
| 260 |
_aBoca Raton : _bCRC Press, _cc1995. |
||
| 300 |
_axxvi, 2609 p. : _bill. ; _c26 cm. |
||
| 504 | _aIncludes bibliographical references and index. | ||
| 650 | 0 |
_aCivil engineering _xHandbooks, manuals, etc. _919839 |
|
| 700 | 1 |
_aChen, Wai-Fah, _d1936- _919840 |
|
| 856 | 4 | 2 |
_3Publisher description _uhttp://www.loc.gov/catdir/enhancements/fy0744/94045572-d.html |
| 906 |
_a7 _bcbc _corignew _d1 _eocip _f19 _gy-gencatlg |
||
| 942 |
_2ddc _cBK |
||